| 000 | 01363cad a22002655a 4500 | ||
|---|---|---|---|
| 001 | L143413 | ||
| 008 | 080506s2006 xxk f 000 0 eng u | ||
| 035 | _a(Sirsi) u143413 | ||
| 041 | _aeng | ||
| 050 |
_a344.410465 _c18 |
||
| 110 |
_aRoyal Institution of Chartered Surveyors _bHealth and Safety Forum _94653 |
||
| 245 | 0 | 0 |
_aSurveying safely _byour guide to personal safety at work |
| 250 | _a2nd ed. | ||
| 260 |
_aLondon _bRICS _c2006 |
||
| 300 |
_a15p. _c30cm. |
||
| 505 | 2 | _aGeneral statement of employers' and employees' duties -- Safety of employees -- Your workplace -- Identifying hazards and undertaking risk assessments -- Before visiting premises/sites -- Arrival and during visits to premises/sites -- Safety of yourself and others -- Your legal duties -- Case studies -- The Bilbao Declaration -- The mind map | |
| 520 | _aThis short guide aims to help surveyors prioritise health and safety when carrying out their duties and responsibilities. It also highlights the hazardous aspects of the industry. | ||
| 520 | _aSupersedes 2004 edition (J127781). | ||
| 650 | _aWORKPLACE (HEALTH, SAFETY AND WELFARE) REGULATIONS 1992 | ||
| 650 | _aMANAGEMENT OF HEALTH AND SAFETY AT WORK REGULATIONS 1999 | ||
| 650 | _aHEALTH AND SAFETY AT WORK ETC ACT 1974 | ||
| 651 | 4 |
_aUnited Kingdom _y |
|
| 690 | _aMANAGEMENT-HEALTH AND SAFETY | ||
| 942 | _n0 | ||
| 999 |
_c108151 _d108151 |
||